000 00556aas a2200169 4500
999 _c50540
_d50540
001 768714001
003 CO-MdFUSB
005 20171007104942.0
008 171007s1995 cr ||||| |||| 00| 0 spa d
040 _aCO-MdFUSB
_bspa
_cCO-MdFUSB
_dCO-MdFUSB
041 _aspa
100 1 _aSimpson, Charles
_eautor
245 1 0 _aLa necesidad de la fe
_c/ Simpson, Charles
300 _aVolumen 3. Número 13 (1995), páginas 194-198
_c: 28 cm
773 0 _tConquista Cristiana
_049446
_960305
_gVolumen 3. Número 13 (1995), páginas 194-198
_qPágina 194
942 _cANA